000 01250cab a2200385 4500
001 L136850
008 070227n2007 000 0 eng u
035 _a(Sirsi) u136850
041 0 _aeng
100 1 _aGrant, Marcus
245 0 0 _aPlanning for healthy communities
260 _c2007
490 0 0 _aTown & Country Planning
_v76(2) February 2007, 42-69(28)
520 _aSeries of articles looking at the concept of health as a driving factor behind the planning process and the need for the development of sustainable communities by promoting healthier lifestyles and healthier environments.
590 _aKA
651 4 _aUnited Kingdom
_y
690 _aPlanning and development
_96259
690 _aENVIRONMENTAL AND LAND CONSULTANCY-SUSTAINABILITY-SUSTAINABLE DEVELOPMENT
700 1 _aBrown, Caroline
700 1 _aTomlinson, Paul
700 1 _aPlant, Paul
700 1 _aHerriot, Nannerl
700 1 _aAtkinson, Sue
700 1 _aAkerman, Pamela
700 1 _aHiggins, Martin
700 1 _aBarton, Hugh
700 1 _aCave, Ben
700 1 _aBond, Alan
700 1 _aCoutts, Adam
700 1 _aTownshend, Tim
700 1 _aLake, Amelia
700 1 _aMawle, Angela
700 1 _aGriffiths, Jenny
942 _n0
999 _c78472
_d78472